Análisis de encuestas basado en diseño y modelos muestrales (Registro nro. 22776)
[ vista simple ]
| 000 -LEADER | |
|---|---|
| fixed length control field | 00335 a2200109 4500 |
| 001 - CONTROL NUMBER | |
| control field | ART_6519 |
| 005 - DATE AND TIME OF LATEST TRANSACTION | |
| control field | 20260410161826.0 |
| 008 - FIXED-LENGTH DATA ELEMENTS--GENERAL INFORMATION | |
| fixed length control field | 260409a |
| 100 1# - MAIN ENTRY--PERSONAL NAME | |
| Personal name | Liseras, Natacha |
| 245 10 - TITLE STATEMENT | |
| Title | Análisis de encuestas basado en diseño y modelos muestrales |
| 773 0# - HOST ITEM ENTRY | |
| Title | FACES |
| Related parts | - Año 9, Nº 17 (may./ago. 2003) |
| Record control number | REV5046 |
No hay ítems disponibles.